000 00254nam a22000977a 4500
082 _a823
_bBLY/B
100 _aBLYTON, ENID
245 _aBINKLE AND FLIP MISBEHAVE
_bBINKLE AND FLIP MISBEHAVE
_cBINKLE AND FLIP MISBEHAVE
650 _aENGLISH STORY
942 _cBK
999 _c8894
_d8894